Plumber (general) : (Record no. 165635)
[ view plain ]
| 000 -LEADER | |
|---|---|
| fixed length control field | 00555nam a22001697a 4500 |
| 005 - DATE AND TIME OF LATEST TRANSACTION | |
| control field | 20190625161216.0 |
| 010 ## - LCCN (DPL NO) | |
| LC control number | ENG-125758 |
| 020 ## - INTERNATIONAL STANDARD BOOK NUMBER | |
| International Standard Book Number | 9789352920877 |
| Terms of availability | 65.00 |
| 035 ## - SYSTEM CONTROL NUMBER | |
| System control number | EN-109290 |
| 037 ## - SOURCE OF ACQUISITION | |
| Source of stock number/acquisition | DBAD/PUB |
| 082 ## - DEWEY DECIMAL CLASSIFICATION NUMBER | |
| Classification number | 696.102 |
| 245 ## - TITLE STATEMENT | |
| Title | Plumber (general) : |
| Remainder of title | (job role) textbook for class IX |
| 260 ## - PUBLICATION, DISTRIBUTION, ETC. (IMPRINT) | |
| Place of publication, distribution, etc | New Delhi |
| Name of publisher, distributor, etc | National Council of Educational Research and Training |
| Date of publication, distribution, etc | 2018 |
| 270 ## - ADDRESS | |
| Address | NCERT Campus, Sri Aurobindo Marg |
| City | New Delhi |
| Postal code | 110016 |
| Telephone number | 011-26562708 |
| 300 ## - PHYSICAL DESCRIPTION | |
| Extent | 57p. |
| Dimensions | 26cm(pbk) |
| 942 ## - ADDED ENTRY ELEMENTS (KOHA) | |
| Source of classification or shelving scheme | Dewey Decimal Classification |
| Item type | English Books |
| Classification part | 696.102 |
| Call number suffix | PLU |
| Withdrawn status | Lost status | Not for loan | Collection code | Home library | Current library | Date acquired | Source of acquisition | Cost, normal purchase price | Full call number | Barcode | Copy number | Cost, replacement price | Koha item type |
|---|---|---|---|---|---|---|---|---|---|---|---|---|---|
| Not For Loan | Non-fiction | D.B.Act.Division | D.B.Act.Division | 25/06/2019 | DBAD/PUB | 65.00 | 696.102 PLU | EN-109290 | 1 | 65.00 | English Books |
